Guess the Taylor Swift song no hints #54 - Statistics

General Stats
  • This quiz has been taken 60 times
  • The average score is 218 of 256
Answer Stats
Answer % Correct
I
100%
me
100%
the
100%
The
100%
to
100%
To
100%
you
100%
You
100%
a
97%
And
97%
love
97%
when
97%
When
97%
do
95%
for
95%
I'll
95%
I'm
95%
is
95%
it's
95%
my
95%
no
95%
they
95%
are
92%
in
92%
just
92%
know
92%
like
92%
on
92%
that
92%
why
92%
All
89%
around
89%
at
89%
every
89%
I've
89%
of
89%
want
89%
You'll
89%
don't
87%
get
87%
one
87%
as
84%
been
84%
But
84%
but
84%
can
84%
not
84%
down
82%
end
82%
find
82%
out
82%
still
82%
mirrorball
79%
off
79%
said
79%
show
79%
floor
76%
looking
76%
near
76%
never
76%
tallest
76%
tiptoes
76%
tonight
76%
Tonight
76%
version
76%
yourself
76%
beautiful
74%
break
74%
dear
74%
everything
74%
highest
74%
million
74%
pieces
74%
Shining
74%
try
74%
about
71%
Because
71%
change
71%
heels
71%
Hush
71%
Spinning
71%
rodeo
68%
believer
66%
clowns
66%
fit
66%
laughing
66%
Shimmering
66%
trying
66%
watch
66%
called
63%
circus
63%
disco
63%
home
63%
horses
63%
natural
63%
regulars
63%
keep
61%
sent
58%
tightrope
58%
glisten
53%
trapeze
53%
edges
50%
masquerade
50%
Burned
47%
revelers
45%
shattered
37%
Drunk
34%
No matching quizzes found
Score Distribution
Percent of People with Each Score
Percentile by Number Answered
Your Score History
You have not taken this quiz